00406nam a2200145 a 4500008004100000020001800041050002300059100001700082245006800099260002700167300002200194350001100216650001600227700001700243160614s2009 ||||||||||||||||| || u a9783642018718 aTP 248.25. B55 Dis aEibl, Dieter10aDisposable bioreactorscEdited By Regine Eibl [and] Dieter Eibl aBerlinbSpringerc2009 axiii, 223p.: ill. a369.00 aBIOREACTORS aEibl, Regine